| 000 | 00536nam a2200229Ia 4500 | ||
|---|---|---|---|
| 001 | 12547 | ||
| 003 | GE_BSU | ||
| 008 | 181216s||||||||xx |||||||||||||| ||und|| | ||
| 020 | _a9782011555175 | ||
| 040 | _cGE_BSU | ||
| 080 | _a811.133.1 | ||
| 100 | _aBerthet,Annie | ||
| 245 | _aAlter Ego. Methode de Frangais. B2. 4 | ||
| 260 | _aParis | ||
| 260 | _bHachette | ||
| 260 | _c2008 | ||
| 300 | _a111p.29cm. | ||
| 541 | _h52Gel. | ||
| 653 | _aAlter Ego. Methode de Frangais | ||
| 653 | _aგრამატიკა | ||
| 942 | _cBK | ||
| 999 |
_c45720 _d45720 |
||